Divers jeux rustiques : [et autres oeuvres poetiques] /

Bibliographic Details
Main Author: Du Bellay, Joachim, approximately 1522-1560
Other Authors: Saulnier, Verdun L.
Format: Book
Language:French
Published: Geneve : Librairie Droz, 1965.
Edition:Nouvelle edition augmentee.
Series:Textes littéraires français ; 12.

MARC

Tag First Indicator Second Indicator Subfields
LEADER 00000cam a2200000 4500
001 in00000184021
005 20151008083549.0
008 781127s1965 sz b 00000 fre d
035 |a (OCoLC)04400490 
035 |9 AAT7463AM 
040 |a KLG  |c KLG  |d TXA  |d UtOrBLW 
049 |a TXAM  |c [1334239] 
090 |a PQ1668  |b .D7 1965 
100 1 |a Du Bellay, Joachim,  |d approximately 1522-1560. 
245 1 0 |a Divers jeux rustiques :  |b [et autres oeuvres poetiques] /  |c Edites par V. L. Saulnier. 
250 |a Nouvelle edition augmentee. 
264 1 |a Geneve :  |b Librairie Droz,  |c 1965. 
300 |a lxviii, 232 pages ;  |c 19 cm. 
336 |a text  |b txt  |2 rdacontent 
337 |a unmediated  |b n  |2 rdamedia 
338 |a volume  |b nc  |2 rdacarrier 
490 1 |a Textes litteraires francais, no. 12 
700 1 |a Saulnier, Verdun L. 
830 0 |a Textes littéraires français ;  |v 12. 
999 |a MARS 
999 f f |s 9cdf1709-80c7-3f5e-8c28-787fac4fc2d2  |i 01505f83-9b23-3e57-90ce-022b28c539ed  |t 0 
952 f f |p ric  |a Texas A&M University  |b Rellis Campus  |c Joint Library Facility  |d Remote Storage  |t 0  |e PQ1668 .D7 1965  |h Library of Congress classification  |i unmediated -- volume  |m A14803756966 
998 f f |a PQ1668 .D7 1965  |t 0  |l Remote Storage